İkiyüzlülüğün Almancası : (Record no. 15555)

MARC details
000 -BAŞLIK
Sabit Uzunlukta Kontrol Alanı 00766nam a22002417a 4500
999 ## - SİSTEM KONTROL NUMARALARI (KOHA)
Koha Biblionumber 15555
Koha Biblioitemnumber 15555
003 - KONTROL NUMARASI IDENTIFIER
Denetim Alanı MIRAKIL
005 - SON İŞLEM TARİHİ VE ZAMANI
Denetim Alanı 20240301171410.0
008 - SABİT-BOY VERİ ELEMANLARI - GENEL BİLGİLER
Sabit Uzunlukta Kontrol Alanı 240301b tu ||||| |||| 00| 0 tur d
020 ## - ULUSLARARASI STANDART KİTAP NUMARASI
Uluslararası Standart Kitap Numarası 9786052350270
040 ## - KATALOGLAMA KAYNAK
Orijinal Kataloglama Ajansı TR-AnCHP
Metne Dönüştürmek Ajansı TR-AnCHP
041 ## - DİL KODU
Metin / Ses Parça Veya Ayrı Başlığın Dil Kodu tur
082 ## - DEWEY ONLU SINIFLANDIRMA NUMARASI
Sınıflandırma Numarası 435.7
Ürün Numarası Ç66i 2021
090 ## - SINIFLAMA NUMARASI
Sınıflama Numarası 435.7 Ç66i 2021
245 10 - BAŞLIK TABLOSU
Başlık İkiyüzlülüğün Almancası :
Başlığın Kalan doppelmoral /
Sorumluluk Tablosu, Vb M. Engin Çoruh.
246 ## - UNVAN FORM VARYING
Başlık Doğru / Kısa Başlığı Doppelmoral.
260 ## - YAYIN, DAĞITIM, VB
Yayın, Dağıtım, Vb Yeri İstanbul :
Yayıncı, Dağıtıcı, Vs Adı Togan Yayıncılık,
Yayın, Dağıtım, Vb Tarihi 2021.
300 ## - FİZİKSEL TANIM
Kapsam 288 sayfa :
Diğer Fiziksel Ayrıntıları resim ;
Boyutlar 31 cm.
490 0# - SERİSİ TABLOSU
Seri Beyanı Togan Yayınları ;
Hacim / Ardışık Tanımı 256.
504 ## - KAYNAKÇA VB NOT
Kaynakça Vb Notu Kaynakça vardır.
650 #0 - KONU KATMA GİRİŞ - TOPİKAL DÖNEM
9 (RLIN) 7655
Topikal Süreli Veya Coğrafi Ad Giriş Elemanı Tehcir
Kronolojik Alt Bölümü 1915
Coğrafi Alt Bölümü Almanya
856 ## - ELEKTRONİK YER VE ERİŞİM
Kamu Notu Dijital Nüshası için Partimizin Kütüphane Sorumlusu ile iletişime geçiniz.
942 ## - EKLENDİ GİRİŞ ELEMANLARI (KOHA)
Sınıflandırma Veya Raf Düzeni Kaynak Dewey Decimal Classification
Koha Öğesi Türü Books
Holdings
Kalıcı Konum Mevcut Konum Edinme Tarihi Toplam Check-Out'Lar Tam Çağrı Numarası Barkod Tarih Son Görülme İtibaren Geçerli Fiyatlar Koha Öğesi Türü
CHP Kütüphanesi CHP Kütüphanesi 03/01/2024   435.7 Ç66i 2021 21433 03/01/2024 03/01/2024 Books